000 00290nam a22001337a 4500
008 171027b xxu||||| |||| 00| 0 eng d
020 _a9780130497611
041 _aeng
080 _23RD
_a336
100 _a56
101 _aFIN
245 _aTHE NEW FINANCE
_cHAUGEN,R.A
942 _2udc
_cBK
999 _c36195
_d36195